000 00766nam a2200289Ia 4500
001 33152
003 IT-RoPAU
008 130308s9999 xx 000 0 und d
040 _aIT-RoPAU
040 _cIT-RoPAU
041 _aITALIANO
100 _aPescucci Gabriella
100 _gCodice Aut. SPICS: 18633
245 _aVestire il film (I costumi)
245 _bFare Cinema-Le Arti,I mestieri e le Tecniche del Set
250 _a1a ed.
260 _aROMA
260 _bGremese
260 _c1985 [1° Ed.:1985 - Ed.Ling.Originale:1985]
300 _a"8 p. (prefazione: no ; testo: 8 [pagine: 81-88])"
650 _aINDUSTRIA CINEMATOGRAFICA
650 _eCodice materia Spics: 6806
942 _cBK
957 _71
999 _c52385
_d52385
999 _bSI
999 _g1